Capacity building for educational planning and administration : IIEP's experience.

Salvato in:
Dettagli Bibliografici
Autore principale: Carrón, Gabriel (autor)
Natura: Libro
Lingua:inglese
Serie:(IIEP Contributions ; no. 10)
Soggetti:
Tags: Aggiungi Tag
Nessun Tag, puoi essere il primo ad aggiungerne!!

MARC

LEADER 00000cam^a2200000uu^4500
001 000488354
005 20250521000000.0
008 031510s1992^^^^^^^^^^^^rd^r^^000^0^eng^d
009 20260310125307.016
035 |a FCE 000031535 
035 |a FCE 017480 
037 |a Acervo ITESO - Biblioteca 
041 |a eng 
082 0 4 |a 371.2  |b IIEPc 10 
100 |a Carrón, Gabriel  |e (autor) 
245 1 0 |a Capacity building for educational planning and administration :  |b IIEP's experience. 
264 |a Paris :  |b IIEP : UNESCO,  |c 1992. 
300 |a 17 p. 
336 |a texto  |b txt  |2 rdacontenido 
337 |a sin mediación  |b n  |2 rdamedio 
338 |a volumen  |b nc  |2 rdasoporte 
440 0 |a (IIEP Contributions ;  |v no. 10) 
649 |a XX 
650 |a Planificación de la educación 
650 |a Sistema educativo 
650 |a Administración de la educación 
650 |a Cambio de la educación 
650 |a Perspectivas 
650 |a Innovación educativa 
910 |a Fondo Centro de Estudios Educativos 
920 |a Impresos - Libros 
930 |a Fondos Especiales 
905 |a 133 
901 |a ALE017480  |b IT2  |c CEE  |u 20250521 
902 |a https://opac.biblio.iteso.mx/vufind/Record/000488354